ბათუმის შოთა რუსთაველის სახელმწიფო უნივერსიტეტის ბიბლიოთეკა

შამილის ტყვე ქალები : (ბიბ.ჩანაწერი № 59193)

000 -ლიდერი
ფიქსირებული სიგრძის საკონტროლო ველი 01251nam a22002177a 4500
003 - საკონტროლო ნომრის იდენტიფიკატორი
საკონტროლო ველი Ge_BSU
005 - ბოლო ოპერაციის თარიღი და დრო
საკონტროლო ველი 20221213111713.0
008 - ფიქსირებული სიგრძის მონაცემთა ელემენტები - ზოგადი ინფორმაცია
ფიქსირებული სიგრძის საკონტროლო ველი 221213s1978ge xxu||||| |||| 00| 0 geo d
041 ## - ენის კოდი
Language code of text/sound track or separate title geo
080 ## - უნივერსალური ათობითი კლასიფიკაციის ინდექსი
Universal Decimal Classification number 821.133.1-94 +94(479.22) ''18" დ- 80
100 ## - მთავარი ჩანაწერი - პიროვნების სახელი
Personal name დრანსე, ანა, ავტ.
9 (RLIN) 16372
245 ## - ცნობა სათაურის შესახებ
Title შამილის ტყვე ქალები :
Remainder of title [ფრანგი ავტორის მოგონებანი] /
Statement of responsibility, etc ანა დრანსე ; თარგმნა და შენიშვნები დაურთო მ. თავდიშვილმა
264 ## - წარმოების, გამოცემის, დისტრიბუციის და სხვა ცნობები
გამოცემის, წარმოების, დისტრიბუციის... ადგილი თბილისი :
გამოცემის, წარმოების, დისტრიბუციის... სახელწოდება საბჭ. საქართველო,
გამოცემის, წარმოების, დისტრიბუციის... თარიღი 1978.
300 ## - ფიზიკური აღწერა
Extent 166 გვ. :
Other physical details 4 ფ. ილ. ;
Dimensions 17 სმ.
501 ## - შენიშვნა თანმხლებ მასალაზე
With note შენიშვნები: გვ. 152-164.
653 ## - INDEX TERM--UNCONTROLLED
Uncontrolled term საქართველოს ისტორია, XIX ს.
653 ## - INDEX TERM--UNCONTROLLED
Uncontrolled term ლეკიანობა საქართველოში. შამილი.
653 ## - INDEX TERM--UNCONTROLLED
Uncontrolled term საქართველო-დაღესტნის ურთიერთობის ისტორია.
700 ## - ADDED ENTRY--PERSONAL NAME
Personal name თავდიშვილი, მ
Relator term მთარგმნელი
9 (RLIN) 16373
942 ## - ADDED ENTRY ELEMENTS (KOHA)
Source of classification or shelving scheme
Koha item type წიგნი
ეგზემპლარები
ჩამოწერის სტატუსი დაკარგული ეგზემპლარის სტატუსი კლასიფიკაციის წყარო ან თაროზე გაწყობის სქემა დაზიანების სტატუსი არ გაიცემა მუდმივი მდებარეობა (დაცვის ადგილი) ამჟამინდელი ადგილსამყოფელი თაროზე განთავსების ადგილი შეძენის თარიღი ღირებულება, შესყიდვის ნორმალური ფასი სრული შენახვის შიფრი შტრიხკოდი ბოლო ოპერაციის თარიღი ეგზემპლარის მიმდევრობითი ნომერი (კეტერი?) ფასის ძალაში შესვლის თარიღი ეგზემპლარის სახეობა საჯარო შენიშვნა
          ბათუმის შოთა რუსთაველის სახელმწიფო უნივერსიტეტის მთავარი ბიბლიოთეკა ბათუმის შოთა რუსთაველის სახელმწიფო უნივერსიტეტის მთავარი ბიბლიოთეკა წიგნსაცავი 2022-12-13 5.00 821.133.1-94 +94(479.22) ''18 63278 2022-12-13 63278 2022-12-13 წიგნი 5.00